Skulptur und Malerei in Frankreich in XV. und XVI. jahrhundert (Record no. 7994)

MARC details
000 -CABECERA
campo de control de longitud fija 00947nam a2200265 a 4500
001 - NÚMERO DE CONTROL
campo de control BRCA_8326
005 - FECHA Y HORA DE LA ÚLTIMA TRANSACCIÓN
campo de control 20190320210229.0
008 - DATOS DE LONGITUD FIJA--INFORMACIÓN GENERAL
campo de control de longitud fija 300614s1927----gw-a###f##---#001-0#ger-#
041 ## - CÓDIGO DE LENGUA
Código de lengua del texto/banda sonora o título independiente ger
044 ## - CÓDIGO DEL PAÍS DE LA ENTIDAD EDITORA/PRODUCTORA
Código MARC del país gw
050 #4 - SIGNATURA TOPOGRÁFICA DE LA BIBLIOTECA DEL CONGRESO
Número de clasificación N6845
Número de documento/Ítem .W4 1927
100 1# - ENTRADA PRINCIPAL--NOMBRE DE PERSONA
Nombre de persona Weese, Artur
9 (RLIN) 20803
245 10 - MENCIÓN DE TÍTULO
Título Skulptur und Malerei in Frankreich in XV. und XVI. jahrhundert
Mención de responsabilidad, etc. von Artur Weese ; begründet von Fritz Burger ; herausgegeben von A. E. Brinckmann.
260 ## - PUBLICACIÓN, DISTRIBUCIÓN, ETC.
Lugar de publicación, distribución, etc. Alemania
Nombre del editor, distribuidor, etc. Akademische Verlagsgesellschaft Athenaion
Fecha de publicación, distribución, etc. 1927
300 ## - DESCRIPCIÓN FÍSICA
Extensión 220 p.
Otras características físicas il. (algunas a color), 9 láminas
Dimensiones 29 cm.
440 #0 - MENCIÓN DE SERIE/PUNTO DE ACCESO ADICIONAL--TÍTULO
Título Handbuch der Kunstwissenschaft
9 (RLIN) 20804
500 ## - NOTA GENERAL
Nota general Incluye índice de artistas e índice de obras
500 ## - NOTA GENERAL
Nota general R35
650 14 - PUNTO DE ACCESO ADICIONAL DE MATERIA--TÉRMINO DE MATERIA
Término de materia o nombre geográfico como elemento de entrada Escultura francesa
Subdivisión cronológica Siglos XV y XVI
9 (RLIN) 20805
650 14 - PUNTO DE ACCESO ADICIONAL DE MATERIA--TÉRMINO DE MATERIA
Término de materia o nombre geográfico como elemento de entrada Pintura francesa
Subdivisión cronológica Siglos XV y XVI
9 (RLIN) 20806
700 1# - PUNTO DE ACCESO ADICIONAL--NOMBRE DE PERSONA
Nombre de persona Burger, Fritz
9 (RLIN) 20807
700 1# - PUNTO DE ACCESO ADICIONAL--NOMBRE DE PERSONA
Nombre de persona Brinckmann. A. E.
Término indicativo de función/relación ed.
9 (RLIN) 20808
902 ## - CATALOGADOR
Iniciales GFM
942 ## - ELEMENTOS DE PUNTO DE ACCESO ADICIONAL (KOHA)
Fuente del sistema de clasificación o colocación Library of Congress Classification
Tipo de ítem Koha Libros
Holdings
Estado de retiro Estado de pérdida Estado dañado No para préstamo Localización permanente Ubicación/localización actual Fecha de adquisición Número de inventario Total de préstamos Signatura topográfica completa Código de barras Fecha visto por última vez Precio válido a partir de Tipo de ítem Koha
El ejemplar forma parte de la colección y puede ser consultado según las políticas vigentes.       Biblioteca del Museo Franz Mayer (Rogerio Casas-Alatriste) Biblioteca del Museo Franz Mayer (Rogerio Casas-Alatriste) 30/06/2014 R35   N6845 .W4 1927 (R35) 8950 22/03/2019 22/03/2019 Libros